000 00312nam a22001337a 4500
003 LRUA
005 20230517223421.0
008 230517b xxu||||| |||| 00| 0 eng d
040 _cRUA
082 _2JAN PUB 2006 C227 Or.
245 _aPUBLIC POLICY REVIEW
260 _aPhnom Penh
_bRUA
_c2006
942 _2ddc
_cREC
999 _c21356
_d21356